| 000 | 00912nam a22002657a 4500 | ||
|---|---|---|---|
| 005 | 20170706143723.0 | ||
| 008 | 170602b xxu||||| |||| 00| 0 Urd d | ||
| 010 | _aB-122739 | ||
| 020 |
_c100.00 _a8183140157 |
||
| 035 | _aB-122739 | ||
| 037 | _bCen Lib/Ret | ||
| 040 |
_aDPL _bUR |
||
| 082 |
_a954.022 _bح م ی |
||
| 100 |
_aحمید ا لد ان خا ن _914217 |
||
| 245 |
_a/ احکام عا لمگیری _c حمید ا لد ان خا ن |
||
| 246 |
_aAhkame Alam Geeri _bby Hamiruddin Khan |
||
| 260 |
_aنیودہلی _bمکتبا الھسانات _c1993 |
||
| 270 |
_aمکتبا الھسانات _bنیودہلی _e110002 |
||
| 300 |
_a185p. _b21cm(Hb) |
||
| 650 |
_aہندستنی تارخ _9530 |
||
| 650 |
_aاتیھس مغل کالن _9112108 |
||
| 650 |
_aIndian History _9142494 |
||
| 650 |
_aHistory of Mughal Periad _9142495 |
||
| 942 |
_2ddc _cUR _h954.022 _mح م ی |
||
| 999 |
_c106013 _d106013 |
||